[Event "ISL-ISR"]
[Site "Reykjavik"]
[Date "1996.??.??"]
[Round "1"]
[White "Thorsteins, Karl"]
[Black "Greenfeld, Alon"]
[Result "0-1"]
[WhiteElo "2500"]
[BlackElo "2560"]
[Annotator "Psakhis,L"]
[PlyCount "48"]
[EventDate "1996.04.??"]
[EventType "team"]
[EventRounds "2"]
[EventCountry "ISL"]
[SourceTitle "CBM 053"]
[Source "ChessBase"]
[SourceDate "1996.08.01"]
[SourceVersion "1"]
[SourceVersionDate "1996.08.01"]
[SourceQuality "1"]

1. d4 {Ftacnik} d5 2. c4 dxc4 3. e4 Nc6 4. Be3 Nf6 5. f3 (5. Nc3 $5) 5... e5 6.
d5 Nd4 (6... Ne7 7. Bxc4 Ng6 8. Bb5+ Nd7 9. Ne2 a6 10. Bd3 Bd6 11. Qd2 Qh4+ 12.
g3 Qe7 13. Nbc3 Nf6 14. h4 h6 15. O-O-O Bd7 16. Kb1 Bc5 17. Bxc5 Qxc5 18. Rc1
$16 {Lalic,B-Miles,A/Hastings/1996/1:0/49/}) 7. Bxd4 exd4 8. Qxd4 Bb4+ (8... c6
9. Nc3 $1 (9. Bxc4 Bb4+ (9... cxd5 10. exd5 Bd6 11. Bb5+ Bd7 12. Bxd7+ Nxd7 13.
Ne2 O-O 14. Nbc3 Bc5 15. Qd3 Qg5 16. g3 Ne5 17. Qe4 Qe3 18. Qxe3 Bxe3 19. f4
Nd3+ 20. Kf1 Nxb2 {1/2-1/2 Timoshchenko,G-Balashov,Y/URS-FL Sverdlovsk/1987/ 
(27)}) 10. Nc3 O-O 11. O-O-O cxd5 $132) 9... cxd5 (9... Bb4 10. Qe5+ Qe7 (10...
Be7 11. O-O-O $16) 11. Qxe7+ Kxe7 12. dxc6 bxc6 13. Bxc4 $16 {Karpov,A-Piket,J/
Groningen/1995/1:0/42/} (13. Bxc4 Nd7 14. O-O-O Ne5 15. Be2 g5 16. h4 $1 gxh4 (
16... f6 17. hxg5 fxg5 18. Rh5 Kf6 19. g3 $16) 17. Rxh4 Be6 18. Rh5 Ng6 19. g3
$1 Bxc3 20. bxc3 Bxa2 21. Rd2 Be6 22. f4 $16 {1-0 Karpov,An-Piket,J/Groningen 
(04)/1995/ (42)})) 10. O-O-O Bb4 11. Bxc4 (11. e5 Bxc3 12. Qxc3 Nd7 13. Rxd5
O-O (13... Qg5+ {Ftacnik} 14. Qd2 Qxd2+ 15. Rxd2 Nb6 16. Ne2 Bd7 17. Nc3 Bc6
18. Be2 O-O 19. Re1 Rad8 20. Rxd8 Rxd8 21. g3 Kf8 22. Rd1 Rxd1+ 23. Kxd1 Nd7
24. f4 b5 {Pereyra Arcija,D-Scarella,E/San Luis Clarin-GP (02)/1995/1-0 (65)})
14. Bxc4 Qe7 $44) 11... Bxc3 12. bxc3 (12. Qxc3 O-O 13. exd5 (13. Kb1 Qb6 14.
exd5 Bf5+ 15. Ka1 Rac8 16. Ne2 Qc5 17. Bb3 Qf2 18. Qd2 Qxg2 19. Rhg1 Qxh2 20.
Qg5 Bg6 {1-0 Dannevig,O-Wegner,H/Gausdal Int (06)/1991/ (46)}) 13... Bf5 $40)
12... O-O 13. exd5 (13. Bxd5 $5) 13... b5 14. Bb3 a5 15. Ne2 Qd6 16. Ng3 a4 17.
Bc2 Qa3+ 18. Kb1 Rd8 19. Qb4 $1 Qxb4+ 20. cxb4 Nxd5 21. Rxd5 $1 Rxd5 22. Be4
Bb7 23. Bxd5 Bxd5 24. Rd1 Be6 25. a3 $10 {Beliavsky,A-Ehlvest,J/URS-ch55
Moscow/1988/0.5 (41)}) 9. Nc3 O-O 10. O-O-O (10. Bxc4 $5) 10... Bxc3 $146 (
10... c6 11. d6 $16) (10... Nd7 11. Bxc4 Bc5 12. Qd2 c6 13. Nge2 Nb6 14. Bb3
cxd5 15. Kb1 a5 16. a3 a4 17. Ba2 $16 {Rajskij,E-Donchenko,A/Katowice op(04)/
1991/1-0/67/}) 11. Qxc3 (11. bxc3 b5 (11... Qe7 12. Bxc4) 12. e5 Nd7 13. f4 Nb6
14. g3 Bb7 15. Bg2 Qd7 (15... Qe7 16. d6 cxd6 17. exd6 Qd7 18. Nf3 $13) 16. Qc5
Rfd8) 11... b5 12. Ne2 (12. g4 $5 c6 (12... Re8 {Ftacnik} 13. h4 $36) 13. d6 (
13. dxc6 Qb6)) 12... c6 13. dxc6 (13. d6 Qb6 14. Nf4 b4 15. Qd4 c3 16. bxc3
bxc3 17. Qxc3 Rb8 $132) 13... Qb6 14. Nd4 (14. e5 $5 Ne8 (14... b4 15. Qd4) 15.
Nd4 a5 (15... Be6 {Ftacnik} 16. Be2 Bd5 $13) 16. Be2 Nc7 $13) 14... Be6 15.
Nxe6 fxe6 16. Qd4 $2 (16. Rd6 $1 Rfd8 (16... Rad8 17. Rxe6 Kf7 (17... Rd4 18.
c7 Qc5 19. Rc6 Qxc6 20. Qxd4 Qxc7 21. Be2 $16) 18. Re5 Qxc6 $6 (18... a6 19.
Bxc4+ bxc4 20. Qxc4+ Kg6 21. Rc5 $18) 19. Rxb5 $1 Qxb5 20. Bxc4+ Nd5 $8 21.
Bxd5+ (21. exd5 $18) 21... Kg6 22. Qd2 $18) (16... Rac8 {Ftacnik} 17. Rxe6 (17.
Qe5 Rfe8 18. Rxe6 Qe3+ 19. Kc2 Qf2+ 20. Kc1 (20. Kd1 Rcd8+ 21. Rd6 Qb6 22. Qg3
Rxd6+ 23. Qxd6 Rd8 $19) 20... Qe1+ 21. Kc2 Qf2+ $10) 17... Rxc6 18. Rxc6 Qxc6
19. Be2 $16) 17. Rxe6 (17. Qe5 $5) 17... b4 (17... Rd4 18. c7 (18. Be2 b4 19.
Qc2) 18... Qc5 19. Rc6 Qxc6 20. Qxd4 Qxc7 21. Be2 $16) 18. Bxc4 $1 Kh8 (18...
bxc3 $4 19. Re8#) 19. Qe5 Qe3+ 20. Kb1 $18) 16... Qa5 (16... Qxc6 17. Qd6 (17.
Be2 {Ftacnik}) 17... Qb6 $1 $10) 17. Qc5 $6 (17. Qe5 $5 Qxa2 (17... c3 18. Bc4
$1 cxb2+ 19. Kb1 $18) 18. Qxe6+ Kh8 (18... Kh8 {Ftacnik} 19. Rd4 $13)) (17. a3
{Ftacnik} Rad8 18. Qc3 Rxd1+ 19. Kxd1 Qb6) 17... Qxa2 18. Qxb5 c3 $1 (18...
Nxe4 $2 19. Bxc4 $18) (18... Rab8 {Ftacnik} 19. Bxc4 Rxb5 20. Bxa2 Rc5+ 21. Kb1
Rxc6 22. Rd3 $16) 19. c7 (19. Qb4 Nxe4 $1 20. bxc3 (20. fxe4 {Ftacnik} Rf2 $19)
20... Rab8 21. Bc4 $1 (21. Bb5 $2 Nxc3 $1 22. Qxc3 Rxb5 23. Qc2 Qa3+ $19) 21...
Qxg2 22. Bxe6+ Kh8 23. Qxf8+ (23. fxe4 Rxb4 24. cxb4 Qxe4 $17) 23... Rxf8 24.
fxe4 Rb8 25. Bb3 Qxe4 $19) (19. bxc3 {Ftacnik} Rab8 20. Bc4 Qa3+ $19) 19...
Rac8 20. Rd3 (20. bxc3 Rxc7 21. Qb2 (21. c4 {Ftacnik} Rfc8 $40) 21... Qa5 22.
c4 Nd7 $17) 20... Nxe4 $1 (20... cxb2+ 21. Qxb2 Rxc7+ 22. Rc3 Rxc3+ 23. Qxc3
Rb8 24. Bd3 Qxg2 $19) 21. fxe4 (21. bxc3 Nf2) 21... Qa1+ 22. Kc2 cxb2 23. Rb3 (
23. Rd1 $8 Qa2 (23... Rxc7+ {Ftacnik} 24. Bc4 a6 25. Qb4 b1=Q+ 26. Rxb1 Qa2+
27. Kd3 Rd8+ 28. Kc3 Rdc8 $19) 24. Kc3 Rxc7+ 25. Bc4 Rfc8 26. Rd4 Qa1 $1 $19) (
23. Qxb2 {Ftacnik} Rf2+ $19) 23... Rxc7+ 24. Kd3 (24. Kd2 Qc1+ 25. Kd3 Qc2+ 26.
Ke3 Qf2+ 27. Kd3 Rd8+) 24... Rc3+ $1 (24... Qd1+ {Ftacnik} 25. Ke3 Qc1+ 26. Kd3
Qc2+) (24... Rc3+ {Ftacnik} 25. Rxc3 b1=Q+ $19) 0-1

[Event "Donner Memorial"]
[Site "Amsterdam"]
[Date "1996.08.19"]
[Round "3"]
[White "Adianto, Utut"]
[Black "Granda Zuniga, Julio E"]
[Result "1-0"]
[WhiteElo "2605"]
[BlackElo "2610"]
[Annotator "Psakhis,L"]
[PlyCount "75"]
[EventDate "1996.08.17"]
[EventType "tourn"]
[EventRounds "11"]
[EventCountry "NED"]
[EventCategory "16"]
[SourceTitle "CBM 055"]
[Source "ChessBase"]
[SourceDate "1996.12.01"]
[SourceVersion "1"]
[SourceVersionDate "1996.12.01"]
[SourceQuality "1"]

1. d4 {Tsesarsky} d5 2. c4 dxc4 3. e4 c5 4. d5 Nf6 5. Nc3 b5 6. Bf4 Ba6 $5 {N/}
(6... Qa5 7. f3 (7. a4 {Tsesarsky} Nxe4 8. Nge2 (8. axb5 Nxc3 9. Rxa5 Nxd1 10.
Kxd1 Nd7 11. Bxc4 Nb6 12. b3 Bb7 13. Nf3 Bxd5 14. Bxd5 Nxd5 15. Be5 f6 16. Bg3
e5 17. Kc2 Be7 18. Rha1 Kf7 19. Rxa7 Rxa7 20. Rxa7 Rb8 21. Kd3 Ke6 $15) 8...
Nd6 9. axb5 Qb6 10. Ng3 $5 $146 (10. Bxd6 {Chekhov} exd6 (10... Qxd6 11. Ng3 g6
12. Bxc4 Bg7 13. O-O O-O 14. Nge4 $14) 11. Ng3 Be7 12. Bxc4 O-O 13. O-O Bf6 $1
14. Qc2 $14 {Beliavsky,A-Kamsky,G/Linares/1993/0:1 (35) Inf 57/384/}) 10... Nd7
11. Bxd6 Qxd6 (11... exd6 12. Bxc4 Be7 13. Nf5 $36) 12. Nge4 $5 (12. Bxc4 $5 g6
13. O-O) 12... Qe5 13. Be2 g6 14. O-O Bg7 15. d6 (15. Bxc4 $5) 15... Nb6 $1
$132 {0-1 Azmaiparashvili,Z-Granda Zuniga,J/Groningen PCA (07) ;CBM 39 1993 
(41)}) (7. e5 Ne4 8. Nge2 Na6 9. f3 Nb4 $1 10. fxe4 Nd3+ 11. Kd2 g6 $3 $44 {
Gelfand,B-Anand,V/Linares/1993/0:1 (40) Inf 57/383/}) (7. Bd2 b4 8. e5 bxc3 9.
Bxc3 Qa6 10. exf6 exf6 11. b3 Be7 12. Bxc4 Qd6 13. Ne2 O-O 14. O-O f5 15. Re1
$14 {Shirov,A-Kramnik,V/Linares/1993/1:0 (37) Inf 57/382/}) 7... g5 $6 8. Bxg5
Bg7 9. Bd2 Nbd7 10. Nh3 Ne5 11. Nf2 b4 12. Qa4+ Qxa4 13. Nxa4 $16 {Ionov,
S-Danielian,O/Cappelle la Grande/1996/1:0/35/} (13. Nxa4 Nfd7 14. f4 Ng6 15.
Bxc4 Bd4 16. Nd3 Nh4 17. g3 Nf3+ 18. Ke2 Nxd2 19. Kxd2 O-O 20. Rac1 $14 {
1-0 Ionov,S-Danielian,E/Cappelle op (01) ;EXP 51 1996 (35)})) (6... a6 7. e5 b4
8. exf6 bxc3 9. bxc3 gxf6 10. Bxc4 Nd7 11. Qa4 Bg7 12. Qc6 Ra7 13. Rb1 $36 {
Markeluk,S-Juarez,A/Acasusso FEMEDA Sup/1991/1:0/35/}) 7. e5 b4 (7... Nfd7 $2
8. e6 (8. Nf3 b4 9. Ne4 Nb6 10. d6 N8d7 11. Qe2 $44 {/\ 0-0-0 [+] |^}) (8. a4
b4 9. Nb5 Bxb5 10. axb5 Nb6 11. e6 f6 12. Bg3 g6 13. Be2 a5 14. Bf3 Ra7 $44) (
8. Qf3 Qb6 9. O-O-O Bb7 $44) 8... Nb6 (8... Nf6 9. Bxc4 $1) 9. exf7+ Kxf7 10.
Qf3 Ke8 (10... Kg8 $44) 11. O-O-O $16) 8. exf6 bxc3 9. bxc3 Qa5 $1 (9... Nd7
10. Qa4) (9... exf6 10. d6 $1) (9... gxf6 10. Rb1 Nd7 11. Qa4 Qc8 12. Bxc4 Bxc4
13. Qxc4 Nb6 14. Qe4 (14. Qb5+ Qd7 15. Qxd7+ Kxd7 16. Rd1 Rg8 17. Ne2 Rd8 18.
Be3 c4 $15 {[%csl Rd5]}) 14... Qd7 15. d6 (15. c4 Qa4 $15) 15... Qe6 16. Qxe6
fxe6 17. dxe7 Bxe7 $10) 10. Qf3 Nd7 (10... gxf6 11. d6 Bb7 12. Qxb7 Qxc3+ 13.
Bd2 Qxa1+ 14. Ke2 exd6 15. Qxa8 Qb1 16. Qd5 $14) 11. fxe7 (11. d6 Bb7 $1 12.
Qxb7 Qxc3+ 13. Ke2 Qd3+ (13... Rb8 14. Rc1 $1 Qd3+ 15. Ke1 Rxb7 16. Bxd3 $16)
14. Ke1 Qc3+ $10) 11... Bxe7 12. d6 Bd8 $8 13. Qe4+ (13. Bd2 Nb6 (13... Rb8)
14. d7+ Kf8 15. Nh3 Bf6) 13... Kf8 14. Rc1 (14. Ne2 Rb8 15. h4 $44 {[%cal
Gh1h3]}) 14... Rb8 15. Be2 (15. Bxc4 Bxc4 (15... Qa4 16. Bd5) (15... Bf6 16.
Ne2 Re8 (16... Bxc3+ $2 17. Rxc3 Bxc4 18. Qxc4 Rb1+ 19. Bc1) (16... Bxc4 17.
Qxc4 Rb2 18. O-O $13) 17. Qd3) 16. Qxc4 Rb2 $132 (16... Rb2 17. Nf3 Rxa2 18.
Bg5 (18. O-O $4 Ra4 $19) 18... Rb2 (18... f6 19. Qe6 Qa4 20. O-O fxg5 21. Rb1
Nb6 22. Rxb6 Qe8 (22... axb6 23. Ne5 Qa7 24. Nd7+ $18) 23. d7 (23. Qxe8+ Kxe8
24. Rb7 $18) 23... Qxe6 24. Rxe6 Kf7 25. Rfe1 $16) 19. Bxd8 Qxd8 20. O-O Qf6
21. Qa6 $16) (16... Bf6 17. Ne2 Rb2 18. O-O Nb6 (18... Qxa2 19. Qxa2 Rxa2 20.
Rfe1 {[%cal Re1e8]}) 19. Qd3 Qxa2 (19... c4 20. Qe4 g5 21. Be3 Qe5 22. Qxe5 $2
(22. Ng3 Qxd6 23. Rce1 Qd5 24. Rb1 (24. Bxb6 Qxe4 25. Nxe4 Rxb6 26. Nxf6 Rxf6
27. Re4 Ra6 28. Ra1 Ra4 $14) 24... Rxb1 25. Rxb1 $16) 22... Bxe5) 20. d7 Qd5
21. Qxd5 Nxd5 22. Bd6+ Kg8 23. Rb1 Rxb1 24. Rxb1 $18)) 15... Bf6 (15... Bb7 $5
16. Qf5 (16. Qxc4 Bxg2 17. Bh5 g6) 16... Bxg2 17. Qxd7 Rb7 18. Qc8 Bxh1 19. Nf3
Rb2 $17) 16. Kf1 $5 Re8 (16... Qxa2 $5) (16... Qxa2 $5 17. Nf3 (17. Qd5 h6 18.
Be3 Qa5 $17) 17... Re8 18. Qc2 Qxc2 19. Rxc2 Rb8 $15) 17. Qc2 Ne5 {[%cal Re5d3]
} 18. Bxe5 $8 Rxe5 19. Nf3 (19. d7 $5 Ke7 20. Bg4) 19... Re6 (19... Rd5 $1 $15)
20. Nd2 (20. d7 Bb5 21. Rd1 Ke7 $15 (21... Ba4 22. d8=Q+ Bxd8 23. Rxd8+ Ke7 $1
$17 (23... Qxd8 24. Qxa4 Rxe2 25. Kxe2 Qd3+ 26. Ke1 Qxc3+ $10))) 20... g6 (
20... Rxd6 $5 21. Ne4 (21. Nxc4 Bxc4 22. Bxc4 Qxc3 $1 $17) 21... Rb6 (21... Re6
22. Nxf6 Rxf6 23. Qe4 g6 $17) 22. Nxf6 Rxf6 $15) 21. Ne4 (21. Nxc4 $2 Rxe2 $1
22. Qxe2 Qb5 $19) (21. Bxc4 Bg5 $5 22. Bxa6 Qxa6+ 23. c4 Kg7 $5 $36) 21... Be5
22. h4 $5 h5 $6 (22... Bxd6 23. Nxd6 Rxd6 24. h5 $15) (22... f5 23. Nd2 Rxd6
24. Nf3 (24. Nxc4 Bxc4 25. Bxc4 Qxc3 26. Qxc3 Bxc3 $17) 24... Bf6 25. h5 Kg7
$17) 23. Rh3 (23. Rd1 $5) 23... Kg7 (23... Bxd6 24. Rd1 Bc7 25. Ng5) 24. Rf3 $1
f5 (24... Bxd6 $6 25. Rxf7+ Kxf7 26. Ng5+ Kf6 27. Nxe6 Re8 $1 (27... Kxe6 $2
28. Qxg6+ Kd7 29. Qg7+) 28. Ng5 $14) (24... f6 25. Rd1 Rd8 $132 {=/+}) 25. Ng5
Rxd6 26. Re3 Bf6 (26... Bf4 27. Rd1 $1 (27. Re7+ Kf8 28. Rxa7 Bxc1 29. Qxc1 Qd8
30. Qe3 Rd1+ 31. Bxd1 Qxd1+ 32. Qe1 $18) (27. Rd1 Rxd1+ 28. Qxd1 Bxe3 29. Qd7+
Kh6 30. Nf7+ Kg7 $10)) 27. Rd1 $1 Bxg5 (27... Rxd1+ 28. Qxd1 Bc8 29. Qd5 (29.
Qd6 Qd8 30. Qxc5 Re8 31. Qxa7+ Qd7 32. Qxd7+ Bxd7 33. Rxe8 Bxe8 34. Bxc4 Bxc3
$14)) 28. Rxd6 Bxe3 29. fxe3 Bc8 $2 (29... Rd8 $5 30. Qd2 Rxd6 31. Qxd6 $10)
30. Qd2 Qc7 (30... Qb5 31. Qd5 Qb1+ 32. Kf2 Qe4 33. Qxc5 Qxh4+ 34. Kf1 $132)
31. Qd5 Re8 32. Bxc4 $16 Qe7 (32... Rxe3 $4 33. Qg8+ Kh6 34. Rxg6#) (32... Rf8
$5) 33. Qxc5 Qxh4 (33... Qxe3 34. Qxe3 Rxe3 35. Rc6 Re8 36. a4 $5 $16 (36. Rc7+
Kf6 37. Rxa7 $16)) 34. Qc6 $1 $18 Qg3 (34... Qh1+ 35. Ke2 Rxe3+ 36. Kxe3 Qc1+
37. Kf3 $18) 35. Qxe8 Qxd6 36. Qxc8 f4 (36... Qd1+ 37. Kf2 Qd2+ 38. Be2 Qxa2
39. c4 {P}) 37. Qg8+ Kh6 38. Qh8+ (38. Qh8+ Kg5 39. Qd4 Qxd4 40. exd4 $18) 1-0

[Event "EU-Cup 18th"]
[Site "Kallithea"]
[Date "2002.09.22"]
[Round "1.5"]
[White "Radjabov, Teimour"]
[Black "Tzermiadianos, Andreas"]
[Result "1-0"]
[WhiteElo "2618"]
[BlackElo "2440"]
[Annotator "Radjabov,T"]
[PlyCount "45"]
[EventDate "2002.09.22"]
[EventType "team-swiss"]
[EventRounds "7"]
[EventCountry "GRE"]
[SourceTitle "CBM 092"]
[Source "ChessBase"]
[SourceDate "2003.02.06"]
[SourceVersion "1"]
[SourceVersionDate "2003.02.06"]
[SourceQuality "1"]
[WhiteTeam "Sarajevo Bosna"]
[BlackTeam "Northern CA of DEI"]
[WhiteTeamCountry "BIH"]
[BlackTeamCountry "GRE"]

1. d4 {Dautov} d5 2. c4 Nc6 {Interesting move. Chigorin's Defence! Played on a
high level only few times and only by Morozevich.} (2... e6 {Dautov} 3. Nf3 Nf6
4. Nc3 Bb4 5. e3 O-O 6. Bd3 Nc6 7. O-O dxc4 8. Bxc4 Bd6 9. e4 e5 {Ragozin}) 3.
Nc3 Nf6 4. Nf3 dxc4 5. e3 e6 {'?' Dautov. Dautov: 'Diese Entwicklungsweise
kann nicht empfohlen werden, Schwarz landet in einer passiven perspektivlosen
Stellung. Besser ist 5...Bg4 bzw. 5...e5.'} (5... Bg4 {Dautov} 6. Bxc4 e6) (
5... e5 {Dautov} 6. d5 (6. Bxc4 {Dautov} exd4 7. exd4 Bd6 $11) 6... Ne7 7. Bxc4
Ng6) 6. Bxc4 Bd6 $2 {This is a mistake but black's position is already worse. 
Dautov: 'Schwarz möchte mit Zugumstellung das Ragozin-System spielen (siehe
die Anmerkung zum 2. Zug von Schwarz). Weiß kann jedoch die Tatsache ausnutzen,
daß noch nicht rochiert wurde.'} 7. e4 $1 Nd7 $6 {Another strange move but
black has no other chances to create counterplay.} (7... Be7 $16) (7... e5 $2
8. dxe5 Nxe5 9. Nxe5 Bxe5 10. Qxd8+ Kxd8 11. Bxf7 (11. Bg5 {Dautov} Be6 12.
O-O-O+ Ke8 13. Bxe6 fxe6 14. f3 $14) 11... Rf8 (11... Bxc3+ 12. bxc3 Nxe4 13.
O-O $16 (13. f3 {Dautov} Nf6 14. Ba3 Bd7 15. O-O-O b6 16. g4 h6 17. h4 $16 {
Ogaard,L-Wostin,R/Siegen 1970})) 12. Bc4 Bxc3+ 13. bxc3 Nxe4 14. O-O Bd7 (14...
Nxc3 15. Re1 $16) 15. Re1 Nxc3 16. Bg5+ Kc8 17. Re7 $16 b5 18. Bb3 (18. Bd2
bxc4 19. Bxc3 Rb8 20. f3 g6 21. Rxh7 $18)) 8. O-O $5 Nb6 (8... e5 $4 9. Ng5 O-O
(9... Rf8 10. Qh5 Qe7 11. Nd5 Nf6 (11... Qd8 $4 {This move loses in view of
mate.} 12. Ne6 $1 g6 $2 13. Ng7#) 12. Nxe7 Nxh5 13. Nxc6 bxc6 14. dxe5 Bxe5 15.
Nxh7 Rh8 16. Ng5 $18) 10. Qh5 Nf6 11. Nxf7 Nxh5 12. Nxd8+ Kh8 13. Nf7+ Kg8 (
13... Rxf7 14. Bxf7 $18) 14. Nxd6+ $18) 9. Bb3 (9. Bb5 $5 $16 {Dautov}) 9...
O-O 10. e5 {'!' Dautov.} (10. Nb5 $5 {To win the only normal piece in black's
position , bishop on d6.}) 10... Be7 11. a3 {'+/-' Dautov. Dautov: 'Stünde
sein weißfeldriger Läufer auf g4, wäre die schwarze Stellung gut spielbar. In
der Partie kann der Nachziehende dem weißen Königsangriffsplan nichts
entgegensetzen.'} Bd7 12. Qd3 $16 {Black has no counterplay so White are just
creating more weaknesses in black's position.} Na5 13. Bc2 g6 14. b4 Nc6 $8 (
14... Nac4 $4 {Immidiately loses in view of :} 15. Bb3 $18) 15. Rb1 {Strange
move but I wanted to stop ideas like a5 etc... As well Rook in some variations
is going from b1 to b3 and then to g3 or h3.} a6 16. Ne4 Nd5 {Knight is
activated after waiting for a long time.} 17. Nfg5 $5 {Dautov: '/\Qh3'} f5 $2 {
Dautov: 'Schwarz ruiniert sehr schnell seine Stellung, die ohnehin nicht
leicht zu verteidigen war.'} (17... Kg7 18. Qh3 h6 19. Nf3 $16) (17... h6 {
Dautov} 18. Nh3 Kg7 19. Nf4 $16) 18. exf6 Bxf6 $2 {Missing whites reply.} (
18... Nxf6 $8 19. Qh3 (19. Nxf6+ {Dautov} Rxf6 20. Bb3 $16) (19. Nc5 $16 {
Dautov}) 19... h5 20. Qd3 $18 {Anyway loosing.}) 19. Nxh7 $1 {The final
combination.} Nce7 (19... Kxh7 20. Ng5+ {So three mates for one kingare too
much.} Bxg5 (20... Kh8 {or Kh6} 21. Qh3+ Kg8 22. Qh7#) (20... Kg7 21. Qxg6+ Kh8
22. Qh7#) 21. Qxg6+ Kh8 22. Qh7#) 20. Nexf6+ Nxf6 21. Nxf8 Qxf8 22. Qg3 Qg7 23.
Bg5 1-0

[Event "Interzonal-14c"]
[Site "Zagreb"]
[Date "1987.??.??"]
[Round "9"]
[White "Miles, Anthony John"]
[Black "Seirawan, Yasser"]
[Result "1-0"]
[WhiteElo "2585"]
[BlackElo "2600"]
[Annotator "Ribli,Z"]
[PlyCount "113"]
[EventDate "1987.08.01"]
[EventType "tourn"]
[EventRounds "17"]
[EventCountry "YUG"]
[EventCategory "12"]
[SourceTitle "CBM 004"]
[Source "ChessBase"]
[SourceDate "1988.06.01"]
[SourceVersion "1"]
[SourceVersionDate "1988.06.01"]
[SourceQuality "1"]

1. d4 d5 2. c4 dxc4 3. Nc3 a6 4. e4 b5 5. a4 b4 6. Na2 Bb7 7. f3 e6 8. Bxc4 c5
9. Ne2 Ne7 $5 10. Be3 cxd4 11. Nxd4 Nec6 12. Nb3 $1 $14 Qxd1+ 13. Rxd1 Ne5 $6 (
13... Nd7 $142) 14. Be2 Bc6 15. Rc1 $1 Bxa4 16. Rc8+ Ke7 (16... Kd7 17. Rxf8
Rxf8 18. Nc5+) 17. Nac1 $1 $16 (17. Bc5+ Kd7 18. Rxf8 Rxf8 19. Bxf8 Bxb3 20.
Nxb4 $14) 17... Bxb3 18. Nxb3 Kd7 19. Bxa6 Rxa6 20. Rxb8 {/\ Rf8} Kc7 21. Re8
Ng6 (21... Ra2 $5 {/\ Kd7}) 22. Ke2 Bd6 23. Rc1+ Rc6 24. Rxh8 Nxh8 25. f4 $16 {
_|_ >< b4, Nh8} Rxc1 26. Bxc1 e5 $5 (26... Ng6 27. g3 e5 $1 28. f5 Nf8 $16 {
/\ Nd7 >< e4 Byrne,R}) 27. f5 Kc6 28. Kd3 Kb5 29. g4 f6 30. g5 $1 fxg5 (30...
Nf7 $16) 31. Bxg5 Nf7 32. Bh4 g5 33. fxg6 hxg6 34. Nd2 Bf8 35. Nc4 Bh6 36. Bf6
Bf4 37. h3 Kc5 38. b3 Kb5 39. Be7 Bc1 40. Ke2 Bf4 41. Nd6+ $1 $18 {>< b4, e5}
Nxd6 42. Bxd6 Ka5 43. Kf3 Kb5 44. Kf2 $1 Bh2 45. Kg2 Bf4 46. Kf3 Bh2 47. Kg4
Bf4 48. h4 Bd2 (48... Ka5 49. h5 $18) 49. Bxe5 Kc5 50. Bf4 Be1 51. Kg5 Kd4 52.
e5 Kd5 53. Kxg6 Bxh4 54. Kf7 Ke4 55. Bh2 Bf2 (55... Kd3 56. e6 Kc2 57. Be5 Kxb3
58. Bf6 $18) 56. e6 Bc5 57. Ke8 1-0

[Event "Interzonal-14b"]
[Site "Szirak"]
[Date "1987.??.??"]
[Round "1"]
[White "Beliavsky, Alexander G"]
[Black "De la Villa Garcia, Jesus Maria"]
[Result "1-0"]
[WhiteElo "2630"]
[BlackElo "2485"]
[Annotator "Ribli,Z"]
[PlyCount "91"]
[EventDate "1987.07.??"]
[EventType "tourn"]
[EventRounds "17"]
[EventCountry "HUN"]
[EventCategory "12"]
[SourceTitle "CBM 003"]
[Source "ChessBase"]
[SourceDate "1988.04.01"]
[SourceVersion "1"]
[SourceVersionDate "1988.04.01"]
[SourceQuality "1"]

1. d4 d5 2. c4 dxc4 3. e4 c5 4. d5 Nf6 5. Nc3 e6 6. Bxc4 exd5 7. Nxd5 (7. exd5
Bd6 8. Nf3 O-O 9. O-O a6 10. a4 h6 11. h3 Bf5 $10) 7... Nxd5 8. Bxd5 Bd6 9. Nf3
(9. Qh5) (9. Qh5) 9... O-O 10. O-O Qc7 11. h3 $6 (11. Be3 Bg4 12. h3 Bh5 13.
Rc1 Nd7 14. b4 $14) 11... Nd7 12. Qe2 Nb6 (12... h6 $5 {/\ Nf6, Re8 >< e4}) (
12... h6 $5 {/\ Nf6, Re8 >< e4}) 13. Bb3 Be7 14. Bd2 Bd7 15. Rac1 a6 (15... Ba4
$5) (15... Ba4 $5) 16. Rfd1 Bb5 17. Qe1 Na4 (17... c4 18. Ba5 $16) 18. Rc2 Rac8
19. Be3 c4 (19... Qb8 20. Rdc1 b6 21. Bd5 {/\ b3+/-}) 20. Rdc1 Nb6 21. Nd2 Bb4
22. a3 Ba5 (22... Bxd2 23. Qxd2 Rfd8 24. Qa5 $18) 23. Bxb6 $1 Qxb6 24. Bxc4
Bxc4 25. Rxc4 Rxc4 26. Nxc4 Bxe1 27. Nxb6 $18 Ba5 28. Nd5 Rb8 29. f4 Kf8 30.
Kf2 Ke8 31. Ke3 Kd7 32. Kd4 Re8 33. e5 Bd8 34. f5 h5 35. g3 Rh8 36. b4 Rg8 37.
a4 Rh8 38. Ke4 Rh6 39. b5 Ba5 40. b6 Rc6 (40... Bxb6 41. Rb1 Ba5 42. Rxb7+ $18)
41. Rxc6 Kxc6 42. e6 fxe6 43. fxe6 Be1 44. Kf5 Bxg3 45. e7 Kd7 46. Kg6 1-0